Регионална библиотека "Любен Каравелов" - Русе

Pass key to the TOEFL (Запис номер 19554)

MARC детайли
000 -Лидер
Контролно поле с фиксирана дължина 01271nam a2200337 c 4500
003 - Код на организацията, давaща контролен номер
Контролно поле BLK
005 - Дата и час на последна редакция
Контролно поле 20180420215457.0
008 - Елементи от данни с фиксирана дължина
fixed length control field 180413b bul|||||r ||||||| ||bul||
010 ## - Наследен системен номер
LC control number KNG00021693000
020 ## - Международен стандартен номер на книга ISBN
Международен стандартен номер на книга ISBN 954-8079-89-5
040 ## - Източник на каталожния запис
Идентификатор на билиотеката - собственик на записа BLK
041 ## - Код за език
Код за езика на текст/звукозапис или на отделно заглавие Английски
Код за езика КДБФ Английски
080 ## - УДК
Текстов определител УДК Английски език
УДК код - определител по УДК 811.111
УДК определител (079)(075.9)
УДК - код + определител 811.111(079)(075.9)
100 1# - Редна дума - Автор
Автор Sharpe, Pamela
Авторска отговорност първи автор
R(LIN) 263897
139 ## - Редно поле
Редна дума Sharpe, Pamela
Авторски знак Sh - S 53
245 10 - Сведения за заглавието
Заглавие Pass key to the TOEFL
Редно поле (дума) Pamela Sharpe.
257 ## - Страна на издаване
Страна на създаване/издаване България
260 ## - Област на издателските данни
Име на издателя, разпространителя и проч. Прозорец
Година на издаване 1998
Печатница Пловдив : Полиграфия
300 ## - Физическа характеристика
Страници 431 с.
Илюстрации и др. с табл.
Размери/Мащаб 21 см
380 ## - Жанр
Жанр Езикознание. Филология
500 ## - Общи забележки
Забележка Авт. отбелязана в библиогр. каре ; На кор. авт. означена Памела Шарп. - 520 тир.
650 #4 - Допълнително описание по предмет – тема
Основно описание – тема или топоним Английски език - тестове - TOEFL
9 (RLIN) 250729
653 ## - Ключова дума – ненормативна
Ключова дума TOEFL
653 ## - Ключова дума – ненормативна
Ключова дума английски език
653 ## - Ключова дума – ненормативна
Ключова дума тестове
852 ## - Местоположение
Форматна сигнатура Цб 195953
856 4# - Електронен адрес и достъп
Електронен формат pdf - файл
Път до файла /url/
856 4# - Електронен адрес и достъп
Електронен формат pdf - файл
Път до файла /url/
999 ## - СИСТЕМНИ КОНТРОЛНИ НОМЕРА
Koha biblionumber 19554
Koha biblioitemnumber 19554
942 ## - АРТИКУЛИ
Вид на библиотечния материал Книги
Скрит в OPAC Не
944 ## - СЪЗДАВАНЕ И РЕДАКЦИЯ на ЗАПИСА
Създаване/Редакция Създаване
Дата на регистрацията/редакция 15.01.2003
Служител, извършил регистрацията/редакцията Теодора_Стоянова
944 ## - СЪЗДАВАНЕ И РЕДАКЦИЯ на ЗАПИСА
Създаване/Редакция Редакция
Дата на регистрацията/редакция 20.12.2005
999 ## - СИСТЕМНИ КОНТРОЛНИ НОМЕРА
Koha biblioitemnumber 19554
Наличности
Код за отписване Код за изгубен артикул Източник на класификационната схема Код за повреда Коз за рестрикции Код за отдаване Артикулен № Име на библиотеката - собственик Име на библиотеката, в която се намира в момента Статус (Текущо местоположение) Дата на вписване в системата Местоположение - отдел Цена в лева Инвентарен номер Систематично азбучна сигнатура Баркод Номер на екземпляра Цена в евро Служебна бележка Служебен тип на артикула
Изтеглен Не е изгубен Universal Decimal Classification Не е повреден без рестрикции заемане за дома 32563 Регионална библиотека "Любен Каравелов" Русе Регионална библиотека "Любен Каравелов" Русе ЧЧЗО - англ. ез. - Британски съвет 2001-01-01 ЧЧЗО - англ. ез. - Британски съвет 0.00 638864 Ч3 802.0/S53 638864 1 0.00 Дата инв: 18.03.2015 Бележки инв: Ч32015 Книги
  Не е изгубен Universal Decimal Classification Не е повреден само за читалня ползва се в читалня 32564 Регионална библиотека "Любен Каравелов" Русе Регионална библиотека "Любен Каравелов" Русе Хранилище 2001-01-01 Хранилище 0.00 639970 Цб 195953 120000639970 2 0.00   Книги
Vip Innovations Ltd, Rousse, Bulgaria 2025